| 000 | 01669nam a2200325 i 4500 | ||
|---|---|---|---|
| 001 | 000020415 | ||
| 003 | DO-SdBNP | ||
| 005 | 20250908091817.0 | ||
| 007 | ta | ||
| 008 | 100813s2015 dr co 000 0 spa d | ||
| 020 | _a9789945896565 | ||
| 040 |
_aDO-SdBNP _bspa _cBNPHU _erda |
||
| 041 | _aspa | ||
| 082 |
_axxx _bT231 _222 |
||
| 100 | 1 |
_aTavares, Flérida _d1978- _eautora _4aut. _943082 |
|
| 245 | 1 | 0 |
_aLa milagrosa : _bhistoria de la capilla de Carrizal / _cFlérida Tavares, Rossy Espinal. |
| 250 | _aPrimera edición | ||
| 264 | 4 |
_aSanto Domingo, : _bEditorial Opus, _c©2015. |
|
| 300 |
_a106 páginas : _bretratos, fotografías ; _c22 cm. |
||
| 336 |
_atexto _btxt _2rdacontent |
||
| 337 |
_asin mediación _bn _2rdamedia |
||
| 338 |
_avolumen _bnc _2rdacarrier |
||
| 500 | _aIncluye datos biográficos de las autoras en las solapas | ||
| 500 | _aIncluye referencias bibliográficas y notas al pie de las páginas | ||
| 505 | 0 | _tDedicatoria -- Agradecimientos -- Introducción -- Origen de la comunidad de Carrizal -- Historia de la capilla de La Milagrosa -- Manuel Antonio Espinal -- Nicasio Antonio Espinal (Quin) -- Carmela Caba -- Adolfo Arturo Rodríguez -- Isabel María Martínez -- Mariana Hernández -- Emérida Mercedes Rivas -- Cristóbal Mármol -- Basilio Antonio Tavares (Chilo) -- Emilio Tavares --Juan Manuel Espinal -- Inocencia Mercedes Rodríguez (Cheíta) -- Altagracia Disla -- Aurora Rodríguez -- Pablo Espinal -- Bendición de la nueva capilla -- Encargados de logística -- Conclusión / | |
| 590 | _aInventariado, 2025/ YL | ||
| 700 | 1 |
_aEspinal, Rossy _d1977- _eautora _4aut. _943083 |
|
| 910 | _aYLockward | ||
| 942 |
_2ddc _cLBS1 |
||
| 999 |
_c19919 _d19919 |
||